| 000 | 01211nam2a22002651 4500 | ||
|---|---|---|---|
| 001 | v19\rc\1627419 | ||
| 005 | 20250620065804.0 | ||
| 035 | _a(NLR Aleph) 005218510 | ||
| 090 |
_a5481557 _c5481557 |
||
| 100 | _a20061002d1899 |||y0rusy50 ca | ||
| 101 | 1 |
_arus _ceng |
|
| 102 | _aRU | ||
| 105 | _aa z ||||| | ||
| 200 | 0 | _aЧ. 1 | |
| 210 |
_aСанкт-Петербург _cтип. Е. Евдокимова _d1899 |
||
| 215 |
_a136 с. _cил. |
||
| 225 | 1 |
_a... _v1899. № 1, 1 янв. |
|
| 461 | 0 |
_1001v19\rc\1627418 _12001#$aНа запретном пути$eПутешествие по Тибету Генри Ландора$fВ переработке Э. Пименовой. Ч. 1-2$vЧ. 1 _95481549 _aЛандор, А.Г.С. (1865-1924) _cСанкт-Петербург _d1899 _fВ переработке Э. Пименовой. Ч. 1-2 _nтип. Е. Евдокимова _oПутешествие по Тибету Генри Ландора _p2 т. _tНа запретном пути _vЧ. 1 |
|
| 801 | 0 |
_aRU _bNLR _c20061002 _gpsbo |
|
| 801 | 0 |
_aRU _bRuMoRGB _c20061002 _2psbo |
|
| 801 | 1 |
_aRU _bProSoft-M _c20061002 _2rusmarc |
|
| 801 | 2 |
_aRU _bNLR _c20070627 _2rusmarc |
|
| 852 |
_aNLR _j2/1768 |
||
| 942 | _cBOOK | ||
| 980 | _aNB | ||